| 000 | 00386cam a2200157ua 4500 | ||
|---|---|---|---|
| 041 |
_aeng _h |
||
| 082 |
_a028.75 _bCHA/TI |
||
| 100 | _aChandra, S . | ||
| 245 |
_aTip to IIT entrance examinations / _cS Chandra. _hTextual Documents |
||
| 250 |
_a1 / _b. |
||
| 260 |
_aAllahabad : _bSaroj Prakashan , _c1967. |
||
| 300 | _a440 ; . | ||
| 504 | _a | ||
| 942 | _cBK | ||
| 999 |
_c8626 _d8626 |
||